000 00971cab a2200253 4500
001 ABS52959
008 090401t1995 xxu||||| |||| 00| 0 eng d
035 _a(Sirsi) u1100
041 _aeng
245 _aPlymouth CC v Hoare (VO)
260 _c1995
350 _a0
490 _aRating Appeals
_v(1995) 4 RA 69-91(10)
520 _aDevon Valuation Tribunal, 11 January 1995. An interpretation and visitor centre was assessed by a valuation tribunal on the contractor`s basis because the receipts basis was inapplicable since the centre could not be operated for profit and was occupied by a local authority for socio economic purposes and there was no rental evidence or useful comparables.
650 _aCOMPARABLES
650 _aCONTRACTORS BASIS
650 _aPLYMOUTH CC V HOARE (VO)
650 _aRATING APPEALS
650 _aRECEIPTS BASIS
650 _aVISITOR CENTRE
690 _aRATING AND VALUATION-CASE LAW
942 _n0
948 _c04/03/1997
999 _c602
_d602